Human resources management in libraaries / (Record no. 122608)

MARC details
000 -LEADER
fixed length control field 00757nam a22002537a 4500
005 - DATE AND TIME OF LATEST TRANSACTION
control field 20170124105913.0
010 ## - LIBRARY OF CONGRESS CONTROL NUMBER
LC control number B-058658
020 ## - INTERNATIONAL STANDARD BOOK NUMBER
Terms of availability 525.00
International Standard Book Number 8170003237
035 ## - SYSTEM CONTROL NUMBER
System control number B-058658
037 ## - SOURCE OF ACQUISITION
Source of stock number/acquisition Cen Lib/Ret
040 ## - CATALOGING SOURCE
Original cataloging agency DPL
Language of cataloging EN
082 ## - DEWEY DECIMAL CLASSIFICATION NUMBER
Classification number 023
Item number MAH
100 ## - MAIN ENTRY--PERSONAL NAME
Personal name Mahapatra, R. K.
9 (RLIN) 113736
245 ## - TITLE STATEMENT
Title Human resources management in libraaries /
Statement of responsibility, etc by P. K. Mahapatra
246 ## - VARYING FORM OF TITLE
Remainder of title
260 ## - PUBLICATION, DISTRIBUTION, ETC. (IMPRINT)
Name of publisher, distributor, etc Ess Ess Publications
Date of publication, distribution, etc 2002
Place of publication, distribution, etc New Delhi
270 ## - ADDRESS
Address 4837/24, Ansari Road
City New Delhi
Postal code 110002
300 ## - PHYSICAL DESCRIPTION
Extent 233p.
Dimensions 20cm(Hb)
490 ## - SERIES STATEMENT
Series statement
500 ## - GENERAL NOTE
General note includes bibliographical references and index
650 ## - SUBJECT ADDED ENTRY--TOPICAL TERM
Topical term or geographic name as entry element Library Sciences
9 (RLIN) 113737
650 ## - SUBJECT ADDED ENTRY--TOPICAL TERM
Topical term or geographic name as entry element Human Resources Management
9 (RLIN) 113738
942 ## - ADDED ENTRY ELEMENTS (KOHA)
Source of classification or shelving scheme Dewey Decimal Classification
Koha item type English Books
Classification part 023
Call number suffix MAH
Holdings
Withdrawn status Lost status Damaged status Not for loan Collection code Home library Current library Date acquired Source of acquisition Cost, normal purchase price Total Checkouts Full call number Barcode Date last seen Copy number Cost, replacement price Price effective from Koha item type
      Not For Loan Reference Central Library Central Library 28/05/2015 Cen Lib/Ret 525.00   023 MAH B-058658 28/05/2015 1 525.00 15/09/2016 English Books

© Delhi Public Library
Hit Counter
free hit counter